[Event "Porto Alegre IRT U2200 2nd"]
[Site "Porto Alegre"]
[Date "2016.09.04"]
[Round "5.7"]
[White "De Mello, Joao Luiz"]
[Black "Cornelio, Victor Hugo Fontana"]
[Result "0-1"]
[WhiteElo "1644"]
[BlackElo "1773"]
[PlyCount "72"]
[EventDate "2016.09.03"]
[EventType "swiss"]
[EventRounds "5"]
[EventCountry "BRA"]
[SourceTitle "EXT 2022"]
[Source "ChessBase"]
[SourceDate "2021.10.06"]
[SourceVersion "1"]
[SourceVersionDate "2021.10.06"]
[SourceQuality "1"]

1. d4 d5 2. c4 c6 3. Nc3 Nf6 4. Nf3 e6 5. Bg5 Be7 6. e3 0-0 7. Bd3 dxc4 8. Bxc4 Nd5 9. Bxe7 Qxe7 10. 0-0 Nxc3 11. bxc3 Nd7 12. e4 b5 13. Bb3 Bb7 14. Re1 Qd6 15. e5 Qe7 16. Rc1 Rac8 17. Qd3 Rfd8 18. Qe4 Nf8 19. Qg4 c5 20. Nd2 cxd4 21. cxd4 Qb4 22. Rxc8 Rxc8 23. Rd1 a5 24. Ne4 Bxe4 25. Qxe4 a4 26. Bc2 Qc3 27. Bb1 b4 28. d5 exd5 29. Qxd5 b3 30. axb3 axb3 31. h3 Ne6 32. Bf5 b2 33. Bxe6 fxe6 34. Qxe6+ Kh8 35. Qd5 Qc1 36. Qd7 Qxd1+ 0-1

[Event "Porto Alegre IRT U2200 1st"]
[Site "Porto Alegre"]
[Date "2016.04.10"]
[Round "5.8"]
[White "Cornelio, Victor Hugo Fontana"]
[Black "De Castro, Patrick Mattos"]
[Result "1/2-1/2"]
[WhiteElo "1834"]
[BlackElo "1812"]
[PlyCount "60"]
[EventDate "2016.04.09"]
[EventType "swiss"]
[EventRounds "5"]
[EventCountry "BRA"]
[SourceTitle "EXT 2022"]
[Source "ChessBase"]
[SourceDate "2021.10.06"]
[SourceVersion "1"]
[SourceVersionDate "2021.10.06"]
[SourceQuality "1"]

1. d4 Nf6 2. c4 g6 3. Nc3 Bg7 4. e4 d6 5. Nf3 0-0 6. Be2 e5 7. d5 Nbd7 8. 0-0 Nc5 9. Qc2 a5 10. b3 Ne8 11. Ne1 f5 12. f3 f4 13. Nd3 Nxd3 14. Bxd3 Nf6 15. g4 fxg3 16. hxg3 Nh5 17. Kg2 Bd7 18. Be3 Qe7 19. Qd2 Rf7 20. Rf2 b6 21. Rh1 Raf8 22. a4 Nf4+ 23. Bxf4 exf4 24. g4 Qg5 25. Kf1 Qe5 26. Nd1 Qa1 27. Rg2 Bd4 28. Qc2 Be3 29. Qb1 Qd4 30. Qc2 Qa1 1/2-1/2